000 00436nam a2200193Ia 4500
005 20250603145808.0
008 250603s9999 xx 000 0 und d
020 _a9781496388414
050 _aRD 37.2 .B53/
100 _aBlackbourne, Lorne H.
245 0 _aSurgical recall
250 _a9th ed.
260 _aNew York
260 _bWolters Kluwer
260 _c2018
300 _a566 p
650 _aNew York
942 _cBK
999 _c42879
_d42879